<?xml version="1.0" encoding="UTF-8"?>
<record
    xmlns:xsi="http://www.w3.org/2001/XMLSchema-instance"
    xsi:schemaLocation="http://www.loc.gov/MARC21/slim http://www.loc.gov/standards/marcxml/schema/MARC21slim.xsd"
    xmlns="http://www.loc.gov/MARC21/slim">

  <leader>00464nam a22001817a 4500</leader>
  <controlfield tag="005">20180206121952.0</controlfield>
  <controlfield tag="008">160428b        xxu||||| |||| 00| 0 eng d</controlfield>
  <datafield tag="020" ind1=" " ind2=" ">
    <subfield code="a">981-243859-9</subfield>
  </datafield>
  <datafield tag="041" ind1=" " ind2=" ">
    <subfield code="a">eng</subfield>
  </datafield>
  <datafield tag="082" ind1=" " ind2=" ">
    <subfield code="b">00651</subfield>
    <subfield code="a">005.14</subfield>
  </datafield>
  <datafield tag="100" ind1=" " ind2=" ">
    <subfield code="a">Gillies, Alan C.</subfield>
    <subfield code="9">4098</subfield>
  </datafield>
  <datafield tag="245" ind1=" " ind2=" ">
    <subfield code="a">Software Quality: Theory &amp; Management</subfield>
  </datafield>
  <datafield tag="250" ind1=" " ind2=" ">
    <subfield code="a">2nd ed.</subfield>
  </datafield>
  <datafield tag="260" ind1=" " ind2=" ">
    <subfield code="a">India</subfield>
    <subfield code="b">Thomson Learning Inc, </subfield>
    <subfield code="c">2003</subfield>
  </datafield>
  <datafield tag="300" ind1=" " ind2=" ">
    <subfield code="a">232</subfield>
  </datafield>
  <datafield tag="650" ind1=" " ind2=" ">
    <subfield code="a">Information Technology</subfield>
    <subfield code="9">137</subfield>
  </datafield>
  <datafield tag="942" ind1=" " ind2=" ">
    <subfield code="c">BK</subfield>
  </datafield>
  <datafield tag="999" ind1=" " ind2=" ">
    <subfield code="c">188</subfield>
    <subfield code="d">188</subfield>
  </datafield>
  <datafield tag="952" ind1=" " ind2=" ">
    <subfield code="0">0</subfield>
    <subfield code="1">0</subfield>
    <subfield code="4">0</subfield>
    <subfield code="7">0</subfield>
    <subfield code="8">CS/IT</subfield>
    <subfield code="a">JRU</subfield>
    <subfield code="b">JRU</subfield>
    <subfield code="c">SHELF-50-C</subfield>
    <subfield code="d">2016-04-28</subfield>
    <subfield code="g">184.00</subfield>
    <subfield code="l">0</subfield>
    <subfield code="o">005.14</subfield>
    <subfield code="p">00651</subfield>
    <subfield code="r">2016-04-28 00:00:00</subfield>
    <subfield code="w">2016-04-28</subfield>
    <subfield code="y">BK</subfield>
  </datafield>
  <datafield tag="952" ind1=" " ind2=" ">
    <subfield code="0">0</subfield>
    <subfield code="1">0</subfield>
    <subfield code="4">0</subfield>
    <subfield code="7">0</subfield>
    <subfield code="8">CS/IT</subfield>
    <subfield code="a">JRU</subfield>
    <subfield code="c">SHELF-50-C</subfield>
    <subfield code="d">2016-04-28</subfield>
    <subfield code="g">184.00</subfield>
    <subfield code="l">0</subfield>
    <subfield code="o">005.14</subfield>
    <subfield code="p">00652</subfield>
    <subfield code="r">2016-04-28 00:00:00</subfield>
    <subfield code="w">2016-04-28</subfield>
    <subfield code="y">BK</subfield>
  </datafield>
  <datafield tag="952" ind1=" " ind2=" ">
    <subfield code="0">0</subfield>
    <subfield code="1">0</subfield>
    <subfield code="4">0</subfield>
    <subfield code="7">0</subfield>
    <subfield code="8">CS/IT</subfield>
    <subfield code="a">JRU</subfield>
    <subfield code="b">JRU</subfield>
    <subfield code="c">SHELF-50-C</subfield>
    <subfield code="d">2016-04-28</subfield>
    <subfield code="g">184.00</subfield>
    <subfield code="l">0</subfield>
    <subfield code="o">005.14</subfield>
    <subfield code="p">00653</subfield>
    <subfield code="r">2016-04-28 00:00:00</subfield>
    <subfield code="w">2016-04-28</subfield>
    <subfield code="y">BK</subfield>
  </datafield>
  <datafield tag="952" ind1=" " ind2=" ">
    <subfield code="0">0</subfield>
    <subfield code="1">0</subfield>
    <subfield code="4">0</subfield>
    <subfield code="7">0</subfield>
    <subfield code="8">CS/IT</subfield>
    <subfield code="a">JRU</subfield>
    <subfield code="b">JRU</subfield>
    <subfield code="c">SHELF-50-C</subfield>
    <subfield code="d">2016-04-28</subfield>
    <subfield code="g">184.00</subfield>
    <subfield code="l">1</subfield>
    <subfield code="o">005.14</subfield>
    <subfield code="p">00654</subfield>
    <subfield code="r">2017-04-28 00:00:00</subfield>
    <subfield code="s">2017-04-18</subfield>
    <subfield code="w">2016-04-28</subfield>
    <subfield code="y">BK</subfield>
  </datafield>
  <datafield tag="952" ind1=" " ind2=" ">
    <subfield code="0">0</subfield>
    <subfield code="1">0</subfield>
    <subfield code="4">0</subfield>
    <subfield code="7">0</subfield>
    <subfield code="8">CS/IT</subfield>
    <subfield code="a">JRU</subfield>
    <subfield code="b">JRU</subfield>
    <subfield code="c">SHELF-50-C</subfield>
    <subfield code="d">2016-04-28</subfield>
    <subfield code="g">184.00</subfield>
    <subfield code="l">0</subfield>
    <subfield code="o">005.14</subfield>
    <subfield code="p">00655</subfield>
    <subfield code="r">2016-04-28 00:00:00</subfield>
    <subfield code="w">2016-04-28</subfield>
    <subfield code="y">BK</subfield>
  </datafield>
</record>
